000 00604nai a2200181Ia 4500
003 IN-BaIIA
008 211028c9999 xx s 000 0 eng d
022 _a0935-1175 (Print)
022 _a1432-0959 (Online)
040 _cIIA Library
245 0 _aContinuum Mechanics and Thermodynamics
_h[eJournal]
260 _aHeidelber, Germany
_bSpringer Berlin Heidelberg
310 _aBi-monthly
362 _a9(1); 1997 - Present
521 _bSubscribed through National Knowledge Resource Consortium (NKRC)
856 _uhttps://www.springer.com/journal/161
_yClick Here to Access eJournal
942 _cEJ
999 _c34242
_d34242